=LDR 00000nam 2200000 4500 =001 INLIS000000000045043 =005 20141211091356.0 =006 =007 =008 =020 ##$$a 978-979-29-1418-4 =035 ##$$0010-121400000000193 =040 ##$$a NBPDMAT =082 ##$$a 641.337 2 =090 ##$$a 641.337 2 $b Ser s =245 ##$$a 1001 teh dari asal - usul, tradisi, khasiat, hingga racikan teh / $c editor, Maria Agustina S =260 ##$$a Yogyakarta : $b Andi, $c 2010 =300 ##$$a vi, 184 hlm. : $b ilus. ; $c 12 cm. =650 ##$$a Teh =700 ##$$a Maria Agustina S =850 ##$$a NBPDMAT =990 ##$$a 2090101224/BPAP-NTB/2015 =990 ##$$a 2090101226/BPAP-NTB/2015 =990 ##$$a 0001/BPAP-NTB/2016 =990 ##$$a 70177017 =990 ##$$a 70187018 =990 ##$$a 21419187 =990 ##$$a 21419188 =990 ##$$a 21419189 =990 ##$$a 21419190 =990 ##$$a 21419191 =990 ##$$a 2090101224/BPAP-NTB/2015 =990 ##$$a 2090101226/BPAP-NTB/2015 =990 ##$$a 0001/BPAP-NTB/2016 =990 ##$$a 01201807017 =990 ##$$a 01201807018 =990 ##$$a 26762676 =990 ##$$a 21108178 =990 ##$$a 21419187 =990 ##$$a 21419188 =990 ##$$a 21419189 =990 ##$$a 21419190 =990 ##$$a 21419191 =990 ##$$a 2090101224/BPAP-NTB/2015 =990 ##$$a 2090101226/BPAP-NTB/2015 =990 ##$$a 0001/BPAP-NTB/2016 =990 ##$$a 01201807017 =990 ##$$a 01201807018